ក្អែកល្មោភសុី / (Record no. 4605)

MARC details
000 -LEADER
fixed length control field 02575nam a22003137a 4500
001 - CONTROL NUMBER
control field 4605
003 - CONTROL NUMBER IDENTIFIER
control field FISKH
005 - DATE AND TIME OF LATEST TRANSACTION
control field 20240918093420.0
008 - FIXED-LENGTH DATA ELEMENTS--GENERAL INFORMATION
fixed length control field 240918b cb ||||| |||| 00| 0 eng d
020 ## - INTERNATIONAL STANDARD BOOK NUMBER
International Standard Book Number 9789996389320
040 ## - CATALOGING SOURCE
Original cataloging agency FISKH
Language of cataloging Khmer
Transcribing agency FISKH
Modifying agency FISKH
050 ## - LIBRARY OF CONGRESS CALL NUMBER
Classification number PZ7
082 ## - DEWEY DECIMAL CLASSIFICATION NUMBER
Classification number 800
100 ## - MAIN ENTRY--PERSONAL NAME
Personal name Anonymous
Relator term author
245 ## - TITLE STATEMENT
Title ក្អែកល្មោភសុី /
Statement of responsibility, etc. by Anonymous
250 ## - EDITION STATEMENT
Edition statement បោះពុម្ពឆ្នាំ២០១៥
260 ## - PUBLICATION, DISTRIBUTION, ETC.
Place of publication, distribution, etc. ភ្នំពេញ :
Name of publisher, distributor, etc. អផ្សុក ;
Date of publication, distribution, etc. ២០១៥​ .
300 ## - PHYSICAL DESCRIPTION
Extent 12 pages :
Other physical details color illustrations ;
Dimensions 22 cm .
490 ## - SERIES STATEMENT
Series statement និទានអប់រំសម្រាប់កុមារ
505 ## - FORMATTED CONTENTS NOTE
Formatted contents note H <br/>
520 ## - SUMMARY, ETC.
Summary, etc. មានព្រាបមួយក្បាលហើរទៅនៅសំយាបផ្ទះលោកសេដ្ឋី ដោយក្តីអានិតលោកបានបញ្ជាអោយចុងភៅយកកន្រ្តកទៅព្យួរនៅដើមឈើធ្វើជាសំបុក ។ ថ្លែងពីសត្វក្អែកកាលបើឃើញព្រាបនៅផ្ទះលោកសេដ្ឋីក៏មកនៅដែរ ។ រាល់ថ្ងៃពួកគេទាំងពីរសុីគ្រាប់ធញ្ញជាតិជាអាហារ។ ថ្ងៃមួយក្អែកក៏បានហើរចូលផ្ទះបាយដើម្បីសុីសាច់ ហើយចុងភៅចាប់បានក៏បោចរោមក្អេកហើយបុកខ្ញីនិងអំបិល លាយជាមួយប័រ លាបលើខ្លួនក្អែក ។​ ចុងក្រោយក៏ត្រូវងាប់ដោយសារចេញទៅរកចំណីមិនបាន ។
520 ## - SUMMARY, ETC.
Summary, etc. A dove flew to the roof of the millionaire's house. Out of pity, he ordered the chef to hang the basket on a tree as a nest. Speaking of crows, when he saw a dove at home, the rich man also came.<br/>Every day, they both eat whole grains. One day the crow flew into the kitchen to eat the meat, and the chef caught the crow and plucked the ginger and salt mixed with butter on the crow's body. Finally, he died because he could not find food.
521 8# - TARGET AUDIENCE NOTE
Target audience note 430 <br/>
Source Lexile estimate <br/>
521 8# - TARGET AUDIENCE NOTE
Target audience note H <br/>
Source Raz-Plus <br/>
650 ## - SUBJECT ADDED ENTRY--TOPICAL TERM
Topical term or geographic name entry element ផ្ទះលោកសេដ្ឋី
Form subdivision រឿងនិទានកុមារ​
650 ## - SUBJECT ADDED ENTRY--TOPICAL TERM
Topical term or geographic name entry element Millionaire's house
Form subdivision children's stories
942 ## - ADDED ENTRY ELEMENTS (KOHA)
Source of classification or shelving scheme Dewey Decimal Classification
Koha item type Khmer Books
Suppress in OPAC No
Holdings
Withdrawn status Lost status Source of classification or shelving scheme Damaged status Not for loan Collection Home library Current library Shelving location Date acquired Total Checkouts Full call number Barcode Date last seen Date last checked out Copy number Price effective from Koha item type
    Dewey Decimal Classification     Khmer Language Books / សៀវភៅភាសាខ្មែរ Footprints International School Library Network Toul Kork Campus Footprints International School Library Network Toul Kork Campus TTP Primary Khmer Bookshelves 09/18/2024   ANO PZ7 800 FIS072212 09/18/2024   2 09/18/2024 Khmer Books
    Dewey Decimal Classification     Khmer Language Books / សៀវភៅភាសាខ្មែរ Footprints International School Library Network Toul Kork Campus Footprints International School Library Network Toul Kork Campus TK Old Khmer Books (Rear Hallway Shelf 3) 09/18/2024 1 ANO PZ7 800 FISTK04608 03/16/2026 10/10/2025 3 09/04/2025 Khmer Books
    Dewey Decimal Classification     Khmer Language Books / សៀវភៅភាសាខ្មែរ Footprints International School Library Network Toul Kork Campus Footprints International School Library Network Toul Kork Campus TK Old Khmer Books (Rear Hallway Shelf 3) 09/18/2024 1 ANO PZ7 800 FISBK03775 03/16/2026 10/10/2025 4 09/04/2025 Khmer Books
    Dewey Decimal Classification     Khmer Language Books / សៀវភៅភាសាខ្មែរ Footprints International School Library Network Toul Kork Campus Footprints International School Library Network Toul Tom Poung Campus TTP Primary Khmer Bookshelves 09/18/2024 1 ANO PZ7 800 FIS04214 09/30/2025 07/15/2025 1 09/18/2024 Khmer Books
    Dewey Decimal Classification     Khmer Language Books / សៀវភៅភាសាខ្មែរ Footprints International School Library Network Toul Tom Poung Campus Footprints International School Library Network Toul Tom Poung Campus TTP Primary Khmer Bookshelves 10/08/2025   ANO PZ7 800 FISBK03779 10/08/2025   5 10/08/2025 Khmer Books
    Dewey Decimal Classification     Khmer Language Books / សៀវភៅភាសាខ្មែរ Footprints International School Library Network Toul Tom Poung Campus Footprints International School Library Network Toul Tom Poung Campus TTP Primary Khmer Bookshelves 10/23/2025   ANO PZ7 800 FIS03976 10/23/2025   6 10/23/2025 Khmer Books
    Dewey Decimal Classification     Khmer Language Books / សៀវភៅភាសាខ្មែរ Footprints International School Library Network Toul Tom Poung Campus Footprints International School Library Network Toul Tom Poung Campus TTP Primary Khmer Bookshelves 10/24/2025   ANO PZ7 800 2025-4746 10/24/2025   7 10/24/2025 Khmer Books
    Dewey Decimal Classification     Khmer Language Books / សៀវភៅភាសាខ្មែរ Footprints International School Library Network Toul Tom Poung Campus Footprints International School Library Network Toul Tom Poung Campus TTP Primary Khmer Bookshelves 12/11/2025   ANO PZ7 800 FISTK04609 12/11/2025   8 12/11/2025 Khmer Books